Loading...
Encyclopaedia of animal diseases:vol.2:Hormonal diseases
| Main Author: | |
|---|---|
| Format: | Printed Book |
| Published: |
New Delhi
Discovery
2007
|
| Subjects: |
| LEADER | 00517cam a2200157ua 4500 | ||
|---|---|---|---|
| 020 | |a 978-81-8356-206-5 | ||
| 082 | |a 571.9103 |b ASH/E.2 | ||
| 100 | |a Ashok Kumar | ||
| 245 | 0 | 0 | |a Encyclopaedia of animal diseases:vol.2:Hormonal diseases |
| 260 | |a New Delhi |b Discovery |c 2007 | ||
| 300 | |a 286p. | ||
| 650 | |a Animal diseases- Encyclopaedias | ||
| 650 | 0 | |a Life sciences | |
| 942 | |c BK | ||
| 999 | |c 17725 |d 17725 | ||
| 952 | |0 0 |1 0 |4 0 |6 571_910300000000000_ASHE_2 |7 0 |9 18479 |a KUCL |b KUCL |d 2014-05-23 |l 0 |o 571.9103 ASH/E.2 |p 19268 |r 2017-03-07 |y BK | ||